000 00768nam a2200229 a 4500
001 41891
003 BD-RjUL
005 20211209053451.0
008 160706r19641944onc 001 0 eng d
035 _a(BD-RjUL)42009
040 _aBD-RjUL
_beng
_cBD-RjUL
_dBD-RjUL
041 _aeng
082 _223
_a971.502
_bKNB 1964
100 1 _aKnorr, Klaus,
_d1911-1990
_9128555
245 1 0 _aBritish colonial theories, 1570-1850 /
_cby Klaus E. Knorr ; with a foreword by H.A. Innis
260 _aToronto :
_bUniversity of Toronto Press,
_c1944 [Reprinted 1964]
300 _axix, 429 p. ;
_c24 cm
504 _aIncludes bibliographical notes and index
651 0 _aGreat Britain
_xColonies
_9128724
700 1 _aInnis, Harold Adams,
_d1894-1952.
_9128725
942 _2ddc
_cBK
999 _c41891
_d41891